| 000 | 00837nas a2200277 4500 | ||
|---|---|---|---|
| 001 | BR0301184 | ||
| 003 | BR-BrBNA | ||
| 005 | 20231205103621.0 | ||
| 007 | ta | ||
| 008 | 230509b bl.|||p| |||| 00| 00por d | ||
| 040 |
_aBR-BrBNA _bpor _cBiblioteca Nacional de Agricultura |
||
| 041 | _a(Pt) | ||
| 072 | _aH20 | ||
| 100 | 1 | _aFajardo, T.V.M. | |
| 100 | 1 | _aKuhn, G.B. | |
| 100 | 1 | _aEiras, M. | |
| 100 | 1 | _aNickel, O. | |
| 245 | 1 | _aDetecção de closterovirus em videira e caracterização parcial de um isolado do Grapevine leafroll-associated virus 3 | |
| 650 | _aUVA | ||
| 650 | _aENROLAMENTO | ||
| 650 | _aELISA | ||
| 650 | _aELETROFORESE | ||
| 773 | 0 |
_tFitopatologia Brasileira (Brazil) _xISSN 0100-4158 _g(Jan-Feb 2002), v. 27(1) p. 58-64 _wBR0301184 |
|
| 909 |
_a202311 _bLúcia _c55 _dLúcia Elande |
||
| 942 |
_2AGRIS _n0 _cANA |
||
| 999 |
_c173832 _d173832 |
||